[Event "Deutsche Ländermeisterschaft 2024"]
[Site "Tübingen GER"]
[Date "2024.10.04"]
[Round "4"]
[White "Stehning, Toni"]
[Black "Kovalskyy, Alicia"]
[Result "1-0"]
[Termination "normal"]
[Board "1.6"]
[WhiteElo "1817"]
[BlackElo "1906"]
[WhiteClock "00:42:15"]
[BlackClock "00:16:06"]
[WhiteTeam "Hessen"]
[BlackTeam "Nordrhein-Westfalen"]
[PlyCount "54"]
[WhiteFideId "34623477"]
[BlackFideId "34612130"]
[EventCountry "GER"]
[EventRounds "7"]
[EventType "team-swiss"]
[EventDate "2024.10.02"]

1. e4 {[%clk 01:30:57]} {[%emt 00:00:02]} e5 {[%clk 01:30:50]} {[%emt
00:00:10]} 2. Nf3 {[%clk 01:31:23]} {[%emt 00:00:04]} Nc6 {[%clk 01:31:16]}
{[%emt 00:00:04]} 3. Bc4 {[%clk 01:31:49]} {[%emt 00:00:04]} Bc5 {[%clk
01:31:41]} {[%emt 00:00:04]} 4. c3 {[%clk 01:32:16]} {[%emt 00:00:04]} Nf6
{[%clk 01:32:02]} {[%emt 00:00:09]} 5. d4 {[%clk 01:32:40]} {[%emt 00:00:06]}
exd4 {[%clk 01:32:16]} {[%emt 00:00:17]} 6. e5 {[%clk 01:33:03]} {[%emt
00:00:07]} d5 {[%clk 01:32:41]} {[%emt 00:00:04]} 7. Bb5 {[%clk 01:33:25]}
{[%emt 00:00:08]} Ne4 {[%clk 01:33:06]} {[%emt 00:00:05]} 8. cxd4 {[%clk
01:33:50]} {[%emt 00:00:05]} Bb6 {[%clk 01:33:32]} {[%emt 00:00:04]} 9. Nc3
{[%clk 01:34:13]} {[%emt 00:00:06]} O-O {[%clk 01:33:33]} {[%emt 00:00:29]} 10.
Be3 {[%clk 01:34:37]} {[%emt 00:00:07]} Bg4 {[%clk 01:33:35]} {[%emt 00:00:28]}
11. Qc2 {[%clk 01:34:50]} {[%emt 00:00:17]} Bf5 {[%clk 01:32:55]} {[%emt
00:01:10]} 12. Qe2 {[%clk 01:34:58]} {[%emt 00:00:22]} f6 {[%clk 01:25:25]}
{[%emt 00:08:00]} 13. Nxd5 {[%clk 01:34:46]} {[%emt 00:00:42]} Kh8 {[%clk
01:22:43]} {[%emt 00:03:12]} 14. Nxb6 {[%clk 01:33:40]} {[%emt 00:01:35]} axb6
{[%clk 01:20:56]} {[%emt 00:02:17]} 15. Bxc6 {[%clk 01:27:09]} {[%emt
00:07:02]} bxc6 {[%clk 01:21:21]} {[%emt 00:00:05]} 16. O-O {[%clk 01:25:59]}
{[%emt 00:01:40]} Bg4 {[%clk 01:17:10]} {[%emt 00:04:42]} 17. Qd3 {[%clk
01:14:45]} {[%emt 00:11:44]} Bxf3 {[%clk 01:15:04]} {[%emt 00:02:36]} 18. gxf3
{[%clk 01:14:58]} {[%emt 00:00:16]} Ng5 {[%clk 01:05:36]} {[%emt 00:09:58]} 19.
Bxg5 {[%clk 01:14:42]} {[%emt 00:00:47]} fxg5 {[%clk 01:05:43]} {[%emt
00:00:23]} 20. Rfe1 {[%clk 01:10:01]} {[%emt 00:05:10]} Qd5 {[%clk 00:58:30]}
{[%emt 00:07:43]} 21. Qe4 {[%clk 01:00:51]} {[%emt 00:09:40]} Qe6 {[%clk
00:34:21]} {[%emt 00:24:39]} 22. Rac1 {[%clk 00:54:15]} {[%emt 00:07:06]} Qh3
{[%clk 00:22:46]} {[%emt 00:12:05]} 23. Rxc6 {[%clk 00:43:37]} {[%emt
00:11:08]} Rf4 {[%clk 00:22:18]} {[%emt 00:00:58]} 24. Qd5 {[%clk 00:43:36]}
{[%emt 00:00:31]} Rxf3 {[%clk 00:20:18]} {[%emt 00:02:30]} 25. Rf6 {[%clk
00:43:22]} {[%emt 00:00:44]} Qg4+ {[%clk 00:15:44]} {[%emt 00:05:04]} 26. Kh1
{[%clk 00:43:29]} {[%emt 00:00:23]} gxf6 {[%clk 00:15:40]} {[%emt 00:00:33]}
27. Qxa8+ {[%clk 00:42:15]} {[%emt 00:01:44]} Kg7 {[%clk 00:16:06]} {[%emt
00:00:05]} 28. Rg1 {[%clk 00:25:32]} {[%emt 00:17:13]} Qf4 {[%clk 00:15:25]}
{[%emt 00:01:11]} 29. exf6+ {[%clk 00:22:19]} {[%emt 00:03:43]} Qxf6 {[%clk
00:15:06]} {[%emt 00:00:48]} 30. Rxg5+ {[%clk 00:22:24]} {[%emt 00:00:26]} Qxg5
{[%clk 00:14:11]} {[%emt 00:01:24]} 31. Qxf3 {[%clk 00:22:46]} {[%emt
00:00:09]} Qc1+ {[%clk 00:14:19]} {[%emt 00:00:22]} 32. Kg2 {[%clk 00:23:12]}
{[%emt 00:00:04]} Qxb2 {[%clk 00:13:21]} {[%emt 00:01:28]} 33. Qg3+ {[%clk
00:23:32]} {[%emt 00:00:10]} Kh6 {[%clk 00:13:11]} {[%emt 00:00:39]} 34. Qxc7
{[%clk 00:22:33]} {[%emt 00:01:28]} Qxd4 {[%clk 00:13:09]} {[%emt 00:00:32]}
35. Qc1+ {[%clk 00:21:55]} {[%emt 00:01:09]} Kg6 {[%clk 00:12:23]} {[%emt
00:01:15]} 36. Qc2+ {[%clk 00:21:46]} {[%emt 00:00:40]} Kh6 {[%clk 00:11:33]}
{[%emt 00:01:20]} 37. Qc6+ {[%clk 00:20:56]} {[%emt 00:01:20]} Kg7 {[%clk
00:10:57]} {[%emt 00:01:06]} 38. Qf3 {[%clk 00:21:11]} {[%emt 00:00:14]} h6
{[%clk 00:08:14]} {[%emt 00:03:13]} 39. h3 {[%clk 00:19:29]} {[%emt 00:02:12]}
Qc5 {[%clk 00:06:50]} {[%emt 00:01:54]} 40. Qg4+ {[%clk 00:18:30]} {[%emt
00:01:30]} Kh7 {[%clk 00:05:59]} {[%emt 00:01:21]} 41. Qe4+ {[%clk 00:18:51]}
{[%emt 00:00:09]} Kg7 {[%clk 00:05:32]} {[%emt 00:00:55]} 42. f4 {[%clk
00:17:42]} {[%emt 00:01:41]} Qa3 {[%clk 00:25:18]} {[%emt 00:10:41]} 43. Qd4+
{[%clk 00:42:46]} {[%emt 00:05:27]} Kh7 {[%clk 00:24:07]} {[%emt 00:01:41]} 44.
Qd7+ {[%clk 00:39:09]} {[%emt 00:04:08]} Kg8 {[%clk 00:22:33]} {[%emt
00:02:05]} 45. Qe6+ {[%clk 00:38:55]} {[%emt 00:00:43]} Kg7 {[%clk 00:21:56]}
{[%emt 00:01:06]} 46. Qb3 {[%clk 00:37:10]} {[%emt 00:02:17]} Qd6 {[%clk
00:21:38]} {[%emt 00:00:45]} 47. Qc3+ {[%clk 00:35:59]} {[%emt 00:01:43]} Kh7
{[%clk 00:21:01]} {[%emt 00:01:04]} 48. Qc2+ {[%clk 00:36:10]} {[%emt
00:00:22]} Kg7 {[%clk 00:20:46]} {[%emt 00:00:45]} 49. Kg3 {[%clk 00:36:02]}
{[%emt 00:00:38]} Qa3+ {[%clk 00:19:35]} {[%emt 00:01:38]} 50. Qb3 {[%clk
00:35:25]} {[%emt 00:01:11]} Qc5 {[%clk 00:19:27]} {[%emt 00:00:37]} 51. Qb2+
{[%clk 00:34:25]} {[%emt 00:01:31]} Kh7 {[%clk 00:18:33]} {[%emt 00:01:21]} 52.
Qb1+ {[%clk 00:32:03]} {[%emt 00:02:54]} Kg7 {[%clk 00:18:04]} {[%emt
00:00:56]} 53. Qd3 {[%clk 00:28:36]} {[%emt 00:04:01]} Kf8 {[%clk 00:11:19]}
{[%emt 00:06:59]} 54. Qd8+ {[%clk 00:27:58]} {[%emt 00:01:23]} Kf7 {[%clk
00:11:34]} {[%emt 00:00:12]} 55. Qd2 {[%clk 00:24:26]} {[%emt 00:04:05]} Qa3+
{[%clk 00:10:53]} {[%emt 00:01:11]} 56. Kg4 {[%clk 00:24:13]} {[%emt 00:00:43]}
Ke7 {[%clk 00:04:24]} {[%emt 00:07:00]} 57. Qd5 {[%clk 00:22:56]} {[%emt
00:01:46]} Qc1 {[%clk 00:04:11]} {[%emt 00:00:39]} 58. Kf5 {[%clk 00:22:23]}
{[%emt 00:01:07]} Qc8+ {[%clk 00:04:19]} {[%emt 00:00:21]} 59. Ke5 {[%clk
00:22:06]} {[%emt 00:00:49]} Qc7+ {[%clk 00:04:21]} {[%emt 00:00:27]} 60. Kf5
{[%clk 00:21:08]} {[%emt 00:01:29]} Qc8+ {[%clk 00:04:44]} {[%emt 00:00:06]}
61. Kg6 {[%clk 00:19:37]} {[%emt 00:02:02]} Qxh3 {[%clk 00:03:07]} {[%emt
00:02:07]} 62. Qb7+ {[%clk 00:19:00]} {[%emt 00:01:06]} Ke8 {[%clk 00:03:25]}
{[%emt 00:00:11]} 63. Qf7+ {[%clk 00:18:48]} {[%emt 00:00:43]} Kd8 {[%clk
00:03:47]} {[%emt 00:00:06]} 64. Qf8+ {[%clk 00:18:08]} {[%emt 00:01:13]} Kc7
{[%clk 00:03:58]} {[%emt 00:00:16]} 65. Qg7+ {[%clk 00:18:12]} {[%emt
00:00:29]} Kb8 {[%clk 00:03:52]} {[%emt 00:00:28]} 66. Qxh6 {[%clk 00:16:09]}
{[%emt 00:02:41]} Qe6+ {[%clk 00:04:03]} {[%emt 00:00:15]} 67. Kg5 {[%clk
00:15:56]} {[%emt 00:00:47]} Qg8+ {[%clk 00:03:52]} {[%emt 00:00:38]} 68. Qg6
{[%clk 00:15:38]} {[%emt 00:00:51]} Qd8+ {[%clk 00:03:15]} {[%emt 00:01:04]}
69. Qf6 {[%clk 00:15:32]} {[%emt 00:00:39]} Qg8+ {[%clk 00:02:56]} {[%emt
00:00:48]} 70. Kf5 {[%clk 00:15:36]} {[%emt 00:00:27]} Qc8+ {[%clk 00:03:14]}
{[%emt 00:00:12]} 71. Qe6 {[%clk 00:15:46]} {[%emt 00:00:20]} Qf8+ {[%clk
00:03:27]} {[%emt 00:00:15]} 72. Qf6 {[%clk 00:14:08]} {[%emt 00:02:10]} Qc8+
{[%clk 00:03:41]} {[%emt 00:00:16]} 73. Kg6 {[%clk 00:14:04]} {[%emt 00:00:32]}
Qg8+ {[%clk 00:03:49]} {[%emt 00:00:23]} 74. Kh6 {[%clk 00:14:28]} {[%emt
00:00:07]} Qg1 {[%clk 00:03:24]} {[%emt 00:00:53]} 75. Qf8+ {[%clk 00:14:35]}
{[%emt 00:00:25]} 1-0

[Event "Deutsche Ländermeisterschaft 2024"]
[Site "Tübingen GER"]
[Date "2024.10.04"]
[Round "4"]
[White "Haubold, Sebastian"]
[Black "Butenandt, Svenja"]
[Result "1/2-1/2"]
[Termination "normal"]
[Board "2.1"]
[BlackTitle "WFM"]
[WhiteElo "2030"]
[BlackElo "2141"]
[WhiteClock "00:23:36"]
[BlackClock "00:20:35"]
[WhiteTeam "Sachsen-Anhalt"]
[BlackTeam "Bayern"]
[PlyCount "49"]
[WhiteFideId "16259637"]
[BlackFideId "12993859"]
[EventCountry "GER"]
[EventRounds "7"]
[EventType "team-swiss"]
[EventDate "2024.10.02"]

1. e4 {[%clk 01:30:57]} {[%emt 00:00:01]} c6 {[%clk 01:30:55]} {[%emt
00:00:06]} 2. d4 {[%clk 01:31:21]} {[%emt 00:00:06]} d5 {[%clk 01:31:21]}
{[%emt 00:00:03]} 3. Nd2 {[%clk 01:31:45]} {[%emt 00:00:07]} dxe4 {[%clk
01:31:46]} {[%emt 00:00:05]} 4. Nxe4 {[%clk 01:32:10]} {[%emt 00:00:04]} Nf6
{[%clk 01:32:09]} {[%emt 00:00:08]} 5. Nxf6+ {[%clk 01:32:33]} {[%emt
00:00:07]} exf6 {[%clk 01:32:35]} {[%emt 00:00:03]} 6. c3 {[%clk 01:32:53]}
{[%emt 00:00:10]} Bd6 {[%clk 01:33:00]} {[%emt 00:00:05]} 7. Bd3 {[%clk
01:33:16]} {[%emt 00:00:08]} O-O {[%clk 01:33:14]} {[%emt 00:00:16]} 8. Qc2
{[%clk 01:33:20]} {[%emt 00:00:26]} Re8+ {[%clk 01:33:40]} {[%emt 00:00:04]} 9.
Ne2 {[%clk 01:33:42]} {[%emt 00:00:08]} h5 {[%clk 01:34:04]} {[%emt 00:00:07]}
10. O-O {[%clk 01:33:28]} {[%emt 00:00:42]} h4 {[%clk 01:31:44]} {[%emt
00:02:50]} 11. h3 {[%clk 01:33:43]} {[%emt 00:00:15]} Nd7 {[%clk 01:30:55]}
{[%emt 00:01:19]} 12. Bd2 {[%clk 01:33:51]} {[%emt 00:00:22]} Nf8 {[%clk
01:30:23]} {[%emt 00:01:02]} 13. Rae1 {[%clk 01:33:59]} {[%emt 00:00:22]} Bc7
{[%clk 01:17:56]} {[%emt 00:12:57]} 14. f4 {[%clk 01:33:57]} {[%emt 00:00:32]}
g6 {[%clk 01:12:25]} {[%emt 00:06:01]} 15. c4 {[%clk 01:25:42]} {[%emt
00:08:45]} Ne6 {[%clk 00:56:17]} {[%emt 00:16:38]} 16. Bc3 {[%clk 01:14:39]}
{[%emt 00:11:32]} Ng7 {[%clk 00:54:50]} {[%emt 00:01:57]} 17. b3 {[%clk
01:05:14]} {[%emt 00:09:54]} Bf5 {[%clk 00:48:54]} {[%emt 00:06:27]} 18. Rf3
{[%clk 00:56:25]} {[%emt 00:09:18]} Qd7 {[%clk 00:46:31]} {[%emt 00:02:54]} 19.
Bxf5 {[%clk 00:51:17]} {[%emt 00:05:38]} Nxf5 {[%clk 00:46:10]} {[%emt
00:00:50]} 20. Qd2 {[%clk 00:46:17]} {[%emt 00:05:30]} Re4 {[%clk 00:40:27]}
{[%emt 00:06:13]} 21. Nc1 {[%clk 00:25:53]} {[%emt 00:20:55]} Rxe1+ {[%clk
00:21:26]} {[%emt 00:19:31]} 22. Qxe1 {[%clk 00:26:12]} {[%emt 00:00:11]} Nxd4
{[%clk 00:21:33]} {[%emt 00:00:23]} 23. Rd3 {[%clk 00:25:43]} {[%emt 00:00:59]}
c5 {[%clk 00:21:06]} {[%emt 00:00:57]} 24. Bxd4 {[%clk 00:23:15]} {[%emt
00:02:58]} cxd4 {[%clk 00:20:35]} {[%emt 00:01:01]} 25. Qxh4 {[%clk 00:23:36]}
{[%emt 00:00:10]} Qf5 {[%clk 00:19:37]} {[%emt 01:54:10]} 26. Rf3 {[%clk
00:18:38]} Re8 {[%clk 00:17:22]} 27. Qf2 {[%clk 00:05:24]} Re3 {[%clk
00:15:54]} 28. g3 {[%clk 00:05:00]} Bb6 {[%clk 00:11:26]} 29. b4 {[%clk
00:01:54]} Rxf3 30. Qxf3 {[%clk 00:02:18]} Qb1 {[%clk 00:06:46]} 31. Qd1 {[%clk
00:01:15]} Qxb4 {[%clk 00:06:48]} 32. Nd3 {[%clk 00:01:32]} Qxc4 {[%clk
00:06:47]} 33. Qe2 {[%clk 00:01:54]} Kg7 {[%clk 00:06:13]} 34. f5 {[%clk
00:01:08]} Qc7 {[%clk 00:03:33]} 35. Qf3 {[%clk 00:00:54]} Qe7 {[%clk
00:02:16]} 36. fxg6 fxg6 {[%clk 00:02:40]} 37. Kg2 {[%clk 00:00:57]} Qc7 {[%clk
00:02:30]} 38. Qe2 {[%clk 00:01:20]} Kf7 {[%clk 00:01:56]} 39. h4 {[%clk
00:01:21]} Qc6+ {[%clk 00:02:03]} 40. Kh2 {[%clk 00:01:36]} Qe6 {[%clk
00:01:29]} 41. Qg2 {[%clk 00:01:12]} Qc6 {[%clk 00:26:25]} 42. Qe2 {[%clk
00:31:09]} Bc7 {[%clk 00:26:02]} 43. h5 {[%clk 00:29:23]} g5 {[%clk 00:21:34]}
44. Nf2 {[%clk 00:28:13]} Qc3 {[%clk 00:13:45]} {[%emt 00:00:08]} 45. Ne4
{[%clk 00:24:59]} Qc6 {[%clk 00:11:28]} 46. Qf3 {[%clk 00:21:16]} Ke7 {[%clk
00:04:28]} 47. Qf5 {[%clk 00:18:18]} Qe6 {[%clk 00:03:15]} 48. Qc5+ {[%clk
00:13:39]} Ke8 {[%clk 00:02:56]} 49. Qxc7 {[%clk 00:10:44]} {[%emt 00:00:11]}
Qxe4 {[%clk 00:03:23]} {[%emt 00:00:04]} 50. h6 {[%clk 00:11:09]} {[%emt
00:00:05]} 1/2-1/2

[Event "Deutsche Ländermeisterschaft 2024"]
[Site "Tübingen GER"]
[Date "2024.10.04"]
[Round "4"]
[White "Wunderlich, Elias"]
[Black "Haubold, Christian"]
[Result "1/2-1/2"]
[Termination "normal"]
[Board "2.2"]
[WhiteElo "2073"]
[BlackElo "2084"]
[WhiteClock "00:30:22"]
[BlackClock "00:18:22"]
[WhiteTeam "Bayern"]
[BlackTeam "Sachsen-Anhalt"]
[PlyCount "49"]
[WhiteFideId "34608087"]
[BlackFideId "16259629"]
[EventCountry "GER"]
[EventRounds "7"]
[EventType "team-swiss"]
[EventDate "2024.10.02"]

1. e4 {[%clk 01:30:59]} {[%emt 01:18:54]} e5 {[%clk 01:30:55]} {[%emt
00:00:05]} 2. Nf3 {[%clk 01:31:26]} {[%emt 00:00:03]} Nc6 {[%clk 01:31:20]}
{[%emt 00:00:05]} 3. Bb5 {[%clk 01:31:53]} {[%emt 00:00:04]} a6 {[%clk
01:31:46]} {[%emt 00:00:05]} 4. Ba4 {[%clk 01:32:18]} {[%emt 00:00:04]} Nf6
{[%clk 01:32:03]} {[%emt 00:00:13]} 5. O-O {[%clk 01:32:41]} {[%emt 00:00:07]}
Be7 {[%clk 01:32:17]} {[%emt 00:00:16]} 6. d3 {[%clk 01:33:03]} {[%emt
00:00:09]} b5 {[%clk 01:32:12]} {[%emt 00:00:34]} 7. Bb3 {[%clk 01:33:31]}
{[%emt 00:00:01]} d6 {[%clk 01:31:50]} {[%emt 00:00:53]} 8. a4 {[%clk
01:33:55]} {[%emt 00:00:07]} Bb7 {[%clk 01:31:20]} {[%emt 00:00:59]} 9. c3
{[%clk 01:34:11]} {[%emt 00:00:14]} O-O {[%clk 01:28:45]} {[%emt 00:03:05]} 10.
Re1 {[%clk 01:34:24]} {[%emt 00:00:17]} Na5 {[%clk 01:28:24]} {[%emt 00:00:52]}
11. Bc2 {[%clk 01:33:36]} {[%emt 00:01:16]} c5 {[%clk 01:28:35]} {[%emt
00:00:20]} 12. d4 {[%clk 01:33:47]} {[%emt 00:00:19]} Qc7 {[%clk 01:28:36]}
{[%emt 00:00:29]} 13. Nbd2 {[%clk 01:33:23]} {[%emt 00:00:54]} Rfe8 {[%clk
01:22:24]} {[%emt 00:06:43]} 14. Nf1 {[%clk 01:30:47]} {[%emt 00:03:05]} Bf8
{[%clk 01:18:42]} {[%emt 00:04:12]} 15. Bg5 {[%clk 01:29:52]} {[%emt 00:01:24]}
Nd7 {[%clk 01:17:34]} {[%emt 00:01:39]} 16. Ng3 {[%clk 01:28:20]} {[%emt
00:02:02]} g6 {[%clk 01:12:21]} {[%emt 00:05:43]} 17. Qe2 {[%clk 01:09:04]}
{[%emt 00:19:46]} f6 {[%clk 01:04:34]} {[%emt 00:08:17]} 18. Be3 {[%clk
01:08:58]} {[%emt 00:00:36]} c4 {[%clk 01:03:43]} {[%emt 00:01:22]} 19. d5
{[%clk 01:07:54]} {[%emt 00:01:33]} Nc5 {[%clk 01:02:02]} {[%emt 00:02:12]} 20.
Nd2 {[%clk 01:07:58]} {[%emt 00:00:24]} Bg7 {[%clk 00:51:45]} {[%emt 00:10:47]}
21. Ra3 {[%clk 00:49:55]} {[%emt 00:18:34]} Kh8 {[%clk 00:38:51]} {[%emt
00:13:25]} 22. Rea1 {[%clk 00:48:07]} {[%emt 00:02:18]} Kg8 {[%clk 00:34:44]}
{[%emt 00:04:37]} 23. Qd1 {[%clk 00:46:18]} {[%emt 00:02:18]} Red8 {[%clk
00:27:54]} {[%emt 00:07:20]} 24. R1a2 {[%clk 00:42:53]} {[%emt 00:03:55]} Ra7
{[%clk 00:18:22]} {[%emt 00:10:03]} 25. Qa1 {[%clk 00:30:22]} {[%emt 00:13:00]}
Rda8 {[%clk 00:12:47]} {[%emt 01:58:47]} 26. Ne2 {[%clk 00:20:34]} Kh8 {[%clk
00:11:51]} 27. Nc1 {[%clk 00:19:55]} h5 {[%clk 00:07:34]} 28. b3 {[%clk
00:16:17]} cxb3 {[%clk 00:07:34]} 29. Ncxb3 {[%clk 00:16:17]} Nc4 {[%clk
00:07:34]} 30. Nxc4 {[%clk 00:16:17]} bxc4 {[%clk 00:07:34]} 31. Nxc5 {[%clk
00:16:17]} dxc5 {[%clk 00:07:34]} 32. a5 {[%clk 00:16:17]} Bf8 {[%clk
00:07:34]} 33. Ra4 {[%clk 00:16:17]} Bc8 {[%clk 00:07:34]} 34. Rxc4 {[%clk
00:16:17]} Bd7 {[%clk 00:07:34]} 35. Rca4 {[%clk 00:16:17]} Bxa4 {[%clk
00:07:34]} 36. Bxa4 {[%clk 00:16:17]} Rb8 {[%clk 00:07:34]} 37. Bc6 {[%clk
00:16:17]} Bd6 {[%clk 00:07:34]} 38. g3 {[%clk 00:16:17]} Rb3 {[%clk 00:07:34]}
39. Ra4 {[%clk 00:16:17]} Qb8 {[%clk 00:07:34]} 40. Kg2 {[%clk 00:16:17]} Rb1
{[%clk 00:07:34]} 41. Qa2 {[%clk 00:16:17]} Rb2 {[%clk 00:07:34]} 42. Qc4
{[%clk 00:16:17]} Qf8 {[%clk 00:21:36]} 43. Qd3 {[%clk 00:29:36]} h4 {[%clk
00:15:44]} 44. g4 {[%clk 00:25:43]} {[%emt 00:00:05]} g5 {[%clk 00:02:10]} 45.
h3 {[%clk 00:21:59]} Kg7 {[%clk 00:02:38]} 46. Ra1 {[%clk 00:21:38]} Kh8 {[%clk
00:02:36]} 47. Bc1 {[%clk 00:18:24]} Rb8 {[%clk 00:02:10]} 48. Ra4 {[%clk
00:12:01]} Rb3 {[%clk 00:02:01]} 49. Qc4 {[%clk 00:10:58]} {[%emt 00:00:52]}
Rb1 {[%clk 00:02:03]} {[%emt 00:00:28]} 1/2-1/2

[Event "Deutsche Ländermeisterschaft 2024"]
[Site "Tübingen GER"]
[Date "2024.10.04"]
[Round "4"]
[White "Shen, Tingrui"]
[Black "Nönnig, Jakob"]
[Result "1-0"]
[Termination "normal"]
[Board "2.4"]
[WhiteElo "2112"]
[BlackElo "1986"]
[WhiteClock "00:43:11"]
[BlackClock "00:04:26"]
[WhiteTeam "Bayern"]
[BlackTeam "Sachsen-Anhalt"]
[PlyCount "51"]
[WhiteFideId "34603441"]
[BlackFideId "16289447"]
[EventCountry "GER"]
[EventRounds "7"]
[EventType "team-swiss"]
[EventDate "2024.10.02"]

1. Nf3 {[%clk 01:30:48]} {[%emt 00:00:11]} d5 {[%clk 01:30:53]} {[%emt
00:00:07]} 2. g3 {[%clk 01:30:36]} {[%emt 00:00:42]} Nf6 {[%clk 01:30:39]}
{[%emt 00:00:43]} 3. Bg2 {[%clk 01:30:38]} {[%emt 00:00:29]} e6 {[%clk
01:30:26]} {[%emt 00:00:43]} 4. O-O {[%clk 01:30:50]} {[%emt 00:00:16]} Be7
{[%clk 01:30:46]} {[%emt 00:00:11]} 5. d4 {[%clk 01:30:26]} {[%emt 00:00:55]}
O-O {[%clk 01:30:52]} {[%emt 00:00:24]} 6. c4 {[%clk 01:30:43]} {[%emt
00:00:13]} a5 {[%clk 01:29:08]} {[%emt 00:02:15]} 7. Nc3 {[%clk 01:30:08]}
{[%emt 00:01:04]} c6 {[%clk 01:23:49]} {[%emt 00:05:49]} 8. Nd2 {[%clk
01:29:25]} {[%emt 00:01:11]} b6 {[%clk 01:19:22]} {[%emt 00:04:59]} 9. cxd5
{[%clk 01:26:49]} {[%emt 00:03:05]} exd5 {[%clk 01:13:14]} {[%emt 00:06:39]}
10. e4 {[%clk 01:25:53]} {[%emt 00:01:26]} Bb7 {[%clk 01:10:50]} {[%emt
00:02:54]} 11. e5 {[%clk 01:24:18]} {[%emt 00:02:04]} Ne8 {[%clk 01:07:58]}
{[%emt 00:03:21]} 12. f4 {[%clk 01:18:20]} {[%emt 00:06:27]} f5 {[%clk
01:02:14]} {[%emt 00:06:16]} 13. exf6 {[%clk 01:12:29]} {[%emt 00:06:20]} Bxf6
{[%clk 01:00:22]} {[%emt 00:02:22]} 14. Nf3 {[%clk 01:11:00]} {[%emt 00:01:59]}
Nc7 {[%clk 00:47:21]} {[%emt 00:13:31]} 15. Ne5 {[%clk 01:10:50]} {[%emt
00:00:39]} Nba6 {[%clk 00:42:32]} {[%emt 00:05:20]} 16. Be3 {[%clk 01:05:46]}
{[%emt 00:05:33]} Qd6 {[%clk 00:36:00]} {[%emt 00:07:03]} 17. Qg4 {[%clk
01:01:41]} {[%emt 00:04:33]} Rae8 {[%clk 00:32:19]} {[%emt 00:04:12]} 18. Rac1
{[%clk 00:56:44]} {[%emt 00:05:27]} Ne6 {[%clk 00:26:56]} {[%emt 00:05:53]} 19.
a3 {[%clk 00:50:46]} {[%emt 00:06:29]} c5 {[%clk 00:21:51]} {[%emt 00:05:35]}
20. Rfd1 {[%clk 00:48:57]} {[%emt 00:02:18]} Nxd4 {[%clk 00:05:14]} {[%emt
00:17:08]} 21. Bxd4 {[%clk 00:44:39]} {[%emt 00:04:48]} cxd4 {[%clk 00:05:33]}
{[%emt 00:00:11]} 22. Nb5 {[%clk 00:44:19]} {[%emt 00:00:50]} Qe7 {[%clk
00:04:49]} {[%emt 00:01:14]} 23. Nd7 {[%clk 00:43:45]} {[%emt 00:01:03]} Rf7
{[%clk 00:03:58]} {[%emt 00:01:21]} 24. Nxf6+ {[%clk 00:42:44]} {[%emt
00:01:31]} Rxf6 {[%clk 00:04:08]} {[%emt 00:00:21]} 25. Nxd4 {[%clk 00:43:01]}
{[%emt 00:00:12]} Qe3+ {[%clk 00:04:26]} {[%emt 00:00:12]} 26. Kh1 {[%clk
00:43:11]} {[%emt 00:00:20]} Rg6 27. Qd7 {[%clk 00:43:11]} Bc8 28. Rxc8 {[%clk
00:43:11]} Kf8 29. f5 {[%clk 00:43:11]} Rh6 30. Ne6+ {[%clk 00:43:11]} Rhxe6
31. fxe6 {[%clk 00:43:11]} Qxe6 32. Qxe6 {[%clk 00:43:11]} 1-0